Grösste Schweizer Städte nach Buchstabe - C - Statistiken

Allgemein
  • Dieses Quiz wurde 99 mal gespielt
  • Das Durchschnittsergebnis liegt bei 4 aus 10
Antwortstatistiken
Kanton Einwohner Stadt % Korrekt
GR 38’129 Chur
99%
ZG 17’643 Cham
84%
GE 22’164 Carouge
53%
VS 10’271 Crans-Montana
40%
VS 8’983 Conthey
33%
VD 9’181 Crissier
32%
GE 8’836 Chêne-Bourg
29%
VS 9’739 Collombey-Muraz
24%
GE 13’261 Chêne-Bougeries
17%
VD 8’737 Chavannes-près-Renens
9%
Keine übereinstimmenden Quizze gefunden
Verteilung der Resultate
Anzahl Personen mit jedem Resultat
Perzentil nach korrekt beantworteten Fragen
Ihre Resultats-Entwicklung
Sie haben dieses Quiz noch nicht gespielt